| 000 | 00958 a2200205 4500 | ||
|---|---|---|---|
| 003 | Nust | ||
| 005 | 20230102115112.0 | ||
| 010 | _a 67105065 | ||
| 020 | _a0340192771 | ||
| 035 | _a(OCoLC)6900359 | ||
| 040 | _cNust | ||
| 082 | _a629.8043,BRY | ||
| 100 | 1 |
_aBryan, George Thomas. _9106598 |
|
| 245 | 1 | 0 |
_aControl systems for technicians / _cG. T. Bryan. |
| 260 |
_aLondon, _bUniversity of London P., _c[1967]. |
||
| 300 |
_a328 p. _btables, diagrs. _c23 cm. |
||
| 505 | _aThe Meaning of Control (Page-13), Control System Components -1 (Page-20), Control System Components -2 (Page-46), Control System Components -3 (Page-68), Remote Transmission (Page-92), Position Control Systems (Page-115), Speed Control Systems (Page-139), Process Control -1 (Page-164), Process Control -2 (Page-188), Process Control -3 (Page-210), Digital Techniques and Computers (Page-228), Machine tool Control (Page-263). | ||
| 650 | 0 | _aAutomatic control. | |
| 942 |
_2ddc _cBK |
||
| 999 |
_c183892 _d183892 |
||